000 01034nam a2200229Ia 4500
003 OSt
005 20200723174119.0
008 191128s2018 ck ad fr 000 0 spa d
020 _a9789585807679
040 _aCO-JMCR
_cCO-JMCR
041 0 _aspa
082 0 4 _a338.9861 /
_bM717c
_223
100 1 _aMolano-Rojas Andrés,
_ecompilador
_93303
245 1 0 _aColombia en contexto :
_binquietudes, oportunidades y tareas pendientes /
_cAndres Molano-Rojas
260 _aBogotá :
_bInstituto de ciencia política Hernán Echavarría Olózaga,
_c2018
300 _a284 Páginas :
_bgráficos a blanco y negro ;
_c24 cm.
505 0 _aAmpliación democrática y gobernabilidad: ¿La hipertrofia de la participación? -- Los desafíos de justicia más allá de la justicia especial para la paz -- La clase media en Colombia: expansión, vulnerabilidad y sostenibilidad
650 1 4 _aEconomía social de mercado
_zColombia
_97744
650 1 4 _aEconomía social
_zColombia
_97745
650 1 4 _aEconomía Solidaria
_96172
942 _2ddc
_cBK
999 _c4155
_d4155